عرض عادي عرض مارك
  • IWPEC 2004

مدخل إسم مؤتمر

عدد التسجيلات المستخدمة في: 1

001 - رقم الضبط

  • حقل الضبط: 39730

003 - معرف رقم الضبط

  • حقل الضبط: OSt

005 - تاريخ ووقت أخر عملية

  • حقل الضبط: 20131114161844.0

008 - عناصر بيانات ثابتة الطول

  • حقل تحكم ثابت الطول: 131114|||a|||||| | ||| d

040 ## - مصدر الفهرسة

  • هيئة الفهرسة الأصلية: OSt
  • وكالة الكتابة: OSt

111 ## - مدخل -- اسم مؤتمر

  • اسم الملتقي او اسم السلطه كعنصر مدخل: IWPEC 2004
  • تاريخ المؤتمر: (2004 :
  • مكان الملتقي: Bergen, Norway)

670 ## - بيانات المصدر موجوده

  • الاستشهاد بالمصدر: Work cat.: (OSt)0: IWPEC 2004 (2004 : Bergen, Norway), Parameterized and exact computation :, c2004.